000 00403nam a22001697a 4500
005 20160629164506.0
008 160629b xxu||||| |||| 00| 0 eng d
020 _a81-89757-27-X
041 _aeng
082 _b15703
100 _aMariwala, Nikhil
_93207
245 _aMicroprocessor & Interfacing
260 _bKatson
_c2012
300 _a838
650 _aInformation Technology
_9137
942 _cBK
999 _c4753
_d4751